000 00321 a2200109 4500
001 ART_11325
005 20260410161856.0
008 260409a
245 1 0 _a¿Puede funcionar una economía controlada?
100 1 _aFriedman, Milton
773 0 _tRevista de Economía
_g- Nº 34 (sep. 1982)
_wREV11077
999 _c25468
_d25468